Normal view
MARC view
- Good and evil
Entry Topical Term
001 - CONTROL NUMBER
- control field: 32108
003 - CONTROL NUMBER IDENTIFIER
- control field: NUST
005 - DATE AND TIME OF LATEST TRANSACTION
- control field: 20201019100224.0
008 - FIXED-LENGTH DATA ELEMENTS
- fixed length control field: 201019|| aca||aabn | a|a d
040 ## - CATALOGING SOURCE
- Original cataloging agency: NUST
- Transcribing agency: NUST
150 ## - HEADING--TOPICAL TERM
- Topical term or geographic name entry element: Good and evil
670 ## - SOURCE DATA FOUND
- Source citation: Work cat.: (NUST)138: Vargas Llosa, Mario, 32106, The green house :, 2005.
